000 00332nam a22001217a 4500
999 _c41374
_d41374
003 OSt
005 20211123103100.0
008 211123b ||||| |||| 00| 0 eng d
040 _coclc
082 _a363.25
_bPHO/F
245 _aForensic science (photocopies)
942 _2ddc
_cBK
_h363.25
_iPHO/F
_k363.25
_mPHO/F